000 00600nam a2200205Ia 4500
001 12853
003 GE_BSU
008 181216s||||||||xx |||||||||||||| ||und||
040 _cGE_BSU
100 _aГамкрелидзе,И.Д;
245 _aСистема удобрения цитрусовых садов
245 _cРед.Т.Ищенко
260 _aМосква
260 _bКолос
260 _c1971
300 _a216стр.илл.20см.
300 _cБиблиогр.с.206-214
653 _aСистема Удобрения цитрусовых садов
942 _cBK
999 _c46023
_d46023